Missing Word: #1 Hits of 2015 Quiz Stats

 Plays Quiz Updated Aug 29, 2019

Score 0/6 Timer 01:00
2 Plays Today
#1 Song Missing Word % Correct
Uptown _____Funk
95.5%
Can't Feel My _____Face
88.4%
_____ SpaceBlank
84.3%
_____ You AgainSee
78.1%
Bad _____Blood
74.4%
What Do You _____?Mean
69%

Today's Daily Dose

Missing Word
Sherlocks

Word Ladder
King of the Hill

Quick Pick
Songs in Pink

Get the Picture
NBA Teammates

You're not logged in!

Compare scores with friends on all Sporcle quizzes.
OR
Log In

Sporcle TV

Today on Sporcle TV


Watch our educational content, quiz creation guides, and fun videos on Sporcle TV.

Show Comments

Extras

Top Quizzes Today


Score Distribution

Your Account Isn't Verified!

In order to create a playlist on Sporcle, you need to verify the email address you used during registration. Go to your Sporcle Settings to finish the process.

Report this User

Report this user for behavior that violates our Community Guidelines.

Details: